| 000 | 00626nam a2200145Ia 4500 | ||
|---|---|---|---|
| 008 | 170221s9999 xx 000 0 und d | ||
| 100 | _aInna L. Litvinenko | ||
| 245 | _aConditions and Factors of the Positive Investment Climate Formation of Social and Economic System of the Region | ||
| 245 | _cInna L. Litvinenko, Anna A. Grabar, Evgeny A. Tikhomirov, Vitaly A. Tupchienko, Yuri N. Yudenkov, Chulpan F. Gabidullina | ||
| 260 | _bInternational Review of Management and Marketing | ||
| 260 | _cDecember 2015 | ||
| 300 | _a7:2 | ||
| 650 | _xMarketing. | ||
| 856 | _uhttp://www.econjournals.com/index.php/irmm/issue/view/86 | ||
| 999 |
_c310054 _d310054 |
||